01056nas a2200253Ia 4500001001100000003000900011008004100020040001300061040001300074041001300087100004600100210001200146222001200158245010600170250001100276260002200287501008600309300001800395362003400413500026400447650004300711700001900754700002900773R142/D0914IT-RoPAU151124c99999999xx |||||||||||| ||und|| aIT-RoPAU cIT-RoPAU aFRANCESE aLinhart DanielegCodice Aut. SPICS: 37380 aRESEAUX aReseaux aRESEAUX, N.069 (GENNAIO/FEBBRAIO 1995)bAmbiguites De la Modernisation (Les): Le Cas Du Juste-A-Temps a1a ed. aPARISbCNETc1995 bPaulus - SPICS - Società San Paolo EM (non-commercial uses only)cCopyright2015 a25 p. [45-69] aN.069 (GENNAIO/FEBBRAIO 1995) aAmbiguità della Modernizzazione. Dal Modello Svizzero al Modello Giapponese. Impresa Sotto Alta Sorveglianza. Decentralizzazione Delle Costrizioni Edelle Responsabilità. Ambiente che Si Degrada. Individualizzazione dei Salari. Appena in Tempo: un Affare d aCOMUNICAZIONEvPUBBLICAZIONE PERIODICA aLinhart Robert gCodice Aut. SPICS: 46095